Approaching difficulties in literacy development : (Record no. 14340)

000 -LEADER
fixed length control field 01116cam a2200337 a 4500
001 - CONTROL NUMBER
control field 15564178
005 - DATE AND TIME OF LATEST TRANSACTION
control field 20170105102852.0
008 - FIXED-LENGTH DATA ELEMENTS--GENERAL INFORMATION
fixed length control field 081220s2009 caub 000 0 eng
010 ## - LIBRARY OF CONGRESS CONTROL NUMBER
LC control number 2008944007
020 ## - INTERNATIONAL STANDARD BOOK NUMBER
International Standard Book Number 9781848607705 (hb)
020 ## - INTERNATIONAL STANDARD BOOK NUMBER
International Standard Book Number 1848607709 (hb)
020 ## - INTERNATIONAL STANDARD BOOK NUMBER
International Standard Book Number 9781848607712 (pb)
020 ## - INTERNATIONAL STANDARD BOOK NUMBER
International Standard Book Number 1848607717 (pb)
040 ## - CATALOGING SOURCE
Original cataloging agency DLC
Transcribing agency DLC
050 00 - LIBRARY OF CONGRESS CALL NUMBER
Classification number LB1050.5
Item number .A73 2009
082 ## - DEWEY DECIMAL CLASSIFICATION NUMBER
Classification number 371.102
245 00 - TITLE STATEMENT
Title Approaching difficulties in literacy development :
Remainder of title assessments, pedagogy and programmes /
Statement of responsibility, etc. [edited by] Felecity Fletcher-Campbell, Janet Soler, Gavin Reid.
250 ## - EDITION STATEMENT
Edition statement 1st ed.
260 ## - PUBLICATION, DISTRIBUTION, ETC.
Place of publication, distribution, etc. Thousand Oaks, CA :
Name of publisher, distributor, etc. SAGE Publications,
Date of publication, distribution, etc. 2009.
300 ## - PHYSICAL DESCRIPTION
Extent x, 310 p. :
Other physical details ill. ;
Dimensions 24 cm.
504 ## - BIBLIOGRAPHY, ETC. NOTE
Bibliography, etc. note Includes bibliographical references and index.
650 #0 - SUBJECT ADDED ENTRY--TOPICAL TERM
Topical term or geographic name entry element Reading disability.
650 #0 - SUBJECT ADDED ENTRY--TOPICAL TERM
Topical term or geographic name entry element Reading
General subdivision Remedial teaching.
650 #0 - SUBJECT ADDED ENTRY--TOPICAL TERM
Topical term or geographic name entry element Literacy.
700 1# - ADDED ENTRY--PERSONAL NAME
Personal name Fletcher-Campbell, Felicity.
700 1# - ADDED ENTRY--PERSONAL NAME
Personal name Soler, Janet.
700 1# - ADDED ENTRY--PERSONAL NAME
Personal name Reid, Gavin,
Dates associated with a name 1950-
906 ## - LOCAL DATA ELEMENT F, LDF (RLIN)
a 7
b cbc
c orignew
d 2
e epcn
f 20
g y-gencatlg
942 ## - ADDED ENTRY ELEMENTS (KOHA)
Source of classification or shelving scheme
Koha item type Book
Holdings
Withdrawn status Lost status Damaged status Not for loan Collection code Permanent Location Current Location Shelving location Date acquired Total Checkouts Full call number Barcode Date last seen Price effective from Koha item type
          Central Library (CL) Central Library (CL) General Stacks 08/06/2013   371.102 APP 2009 CIPS0000628 08/21/2013 08/21/2013 Book
© 2023 Central Library, National University of Sciences and Technology. All Rights Reserved.